• 首页
  • 本馆介绍
  • 公告通知
  • 最新文献
  • 馆藏检索
  • 电子资源
  • 读者荐购
  • 参考咨询
  • CALIS
  • 我的图书馆
  • 登录
  • 详细信息显示
  • 放入我的书架
  • 预约/预借图书
  • 作者相关作品
  • 分类相关作品
  • 丛书相关作品
  • 出版社相关作品

书目信息

  • 表格格式
  • 工作单格式
  • 卡片格式
题名:
高等数学基本训练
    
 
作者: 李群高 , 寿玉亭 , 吴昌泽 编
分册: 上册  
出版信息: 北京   科学出版社  2001.08
页数: 153页
开本: 24cm
丛书名:
单 册:
中图分类: O13-44
科图分类:
主题词: 高等数学--gao deng shu xue--习题
电子资源:
ISBN: 7-03-010687-3
 
 
 
 
 
000 00869nam0 2200241 450
001 010261596437
005 20051130095154.76
010    @a7-03-010687-3@dCNY11.50 (上册)
100    @a20051109d2001 km y0chiy0120 ea
101 0  @achi
102    @aCN@b110000
105    @ay q 000yy
200 1  @a高等数学基本训练@Agao deng shu xue ji ben xun lian@h上册@f李群高, 寿玉亭, 吴昌泽等编@Fli qun gao,shou yu ting,wu chang ze deng bian
210    @a北京@c科学出版社@d2001.08
215    @a153页@d24cm
330    @a本书包括函数、极限、连续,一元函数微积分学,空间解析几何与向量代数,多元函数微积分学,常微分方程等12个单元。
606 0  @a高等数学@Agao deng shu xue@x习题
690    @aO13-44@v4
701  0 @a李群高@Ali qun gao@4编
701  0 @a寿玉亭@Ashou yu ting@4编
701  0 @a吴昌泽@Awu chang ze@4编
801  0 @aCN@bQSSK@c20051130
905    @a10447@dO13-44@eL231:1
    
    高等数学基本训练.上册/李群高, 寿玉亭, 吴昌泽等编.-北京:科学出版社,2001.08
    153页;24cm
    
    
    ISBN 7-03-010687-3:CNY11.50 (上册)
    本书包括函数、极限、连续,一元函数微积分学,空间解析几何与向量代数,多元函数微积分学,常微分方程等12个单元。
●
相关链接 在E读中查询图书 在当当中查询图书 在豆瓣中查询图书


正题名:高等数学基本训练     索取号:O13-44/L231:1         预约/预借

序号 登录号 条形码 馆藏地/架位号 状态 备注
1 577769   205777694   自科库401/401自科库 39排2列4层/ [索取号:O13-44/L231:1] 在馆    
2 577770   205777701   自科库401/401自科库 39排2列4层/ [索取号:O13-44/L231:1] 在馆    
河南城建学院图书馆 欢迎您!
大连网信软件有限公司© 版权所有